[Event "ODJM A 2019"]
[Site "Willingen GER"]
[Date "2019.06.13"]
[Round "7"]
[White "Struck, Lasse"]
[Black "Flach, Helene"]
[Result "1-0"]
[Termination "normal"]
[Board "44"]
[WhiteElo "1770"]
[BlackElo "1829"]
[PlyCount "123"]
[WhiteFideId "16255623"]
[BlackFideId "12929735"]
[EventCountry "GER"]
[EventRounds "9"]
[EventType "swiss"]
[EventDate "2019.06.08"]

1. e4 c5 2. Nf3 e6 3. d4 cxd4 4. Nxd4 a6 5. c4 Nf6 6. Nc3 Qc7 7. Be2 b6 8. O-O
Bb7 9. f3 Bd6 10. Kh1 Be7 11. Be3 d6 12. Qd2 Nbd7 13. Rfc1 h5 14. a4 h4 15. h3
Nh5 16. a5 Qd8 17. Nb3 Nc5 18. Bd1 f5 19. axb6 Qxb6 20. Nxc5 dxc5 21. Ba4+ Kf7
22. Bc2 Rad8 23. Qf2 f4 24. Bd2 Bf6 25. Na4 Qd6 26. Bc3 Bd4 27. Bxd4 cxd4 28.
c5 Qc7 29. Bd3 Bc6 30. b4 Bb5 31. Nb2 Qc6 32. Ra5 Ng3+ 33. Kh2 e5 34. Bxb5 axb5
35. Nd3 Kf6 36. Rca1 Ra8 37. Qa2 Rxa5 38. Qxa5 Rb8 39. Qa7 Rb7 40. Qa8 Qc7 41.
Qf8+ Kg6 42. Ra6+ Kh7 43. Qd6 Ra7 44. Qxc7 Rxc7 45. Kg1 Re7 46. Kf2 Re8 47. Ra5
Rb8 48. Nxe5 d3 49. Ke1 Rd8 50. c6 d2+ 51. Kd1 Nf1 52. Nd7 Ne3+ 53. Kxd2 Nc4+
54. Kc3 Nxa5 55. bxa5 Rc8 56. Ne5 Kg8 57. Kb4 Rb8 58. Nd7 Rc8 59. Kxb5 Kf7 60.
Kb6 Ke7 61. Kb7 Kd8 62. a6 1-0

[Event "ODJM A 2019"]
[Site "Willingen GER"]
[Date "2019.06.13"]
[Round "7"]
[White "Isler, Benjamin"]
[Black "Weigand, Anton"]
[Result "1/2-1/2"]
[Termination "normal"]
[Board "45"]
[WhiteElo "1946"]
[BlackElo "1889"]
[PlyCount "41"]
[WhiteFideId "12975478"]
[BlackFideId "16221915"]
[EventCountry "GER"]
[EventRounds "9"]
[EventType "swiss"]
[EventDate "2019.06.08"]

1. e4 e6 2. d4 d5 3. Nd2 dxe4 4. Nxe4 Nd7 5. Nf3 Ngf6 6. Nxf6+ Nxf6 7. c3 Bd6
8. Bd3 b6 9. O-O O-O 10. Bg5 h6 11. Bh4 Bb7 12. Re1 Be7 13. Qc2 Bxf3 14. gxf3
Nd5 15. Bg3 c5 16. dxc5 Bxc5 17. Rad1 Qf6 18. Be4 Rad8 19. Kh1 Nf4 20. Rxd8
Rxd8 21. Rd1 1/2-1/2

[Event "ODJM A 2019"]
[Site "Willingen GER"]
[Date "2019.06.13"]
[Round "7"]
[White "Hagenbeck-Hübert, Lara"]
[Black "Kemper, Yannick"]
[Result "1-0"]
[Termination "normal"]
[Board "46"]
[WhiteElo "1861"]
[BlackElo "1856"]
[PlyCount "83"]
[WhiteFideId "12964484"]
[BlackFideId "12977470"]
[EventCountry "GER"]
[EventRounds "9"]
[EventType "swiss"]
[EventDate "2019.06.08"]

1. d4 Nf6 2. Bf4 g6 3. Nf3 Bg7 4. e3 d6 5. Be2 O-O 6. O-O Nbd7 7. c4 c5 8. Nc3
b6 9. d5 Bb7 10. h3 a6 11. a4 Re8 12. Qc2 Qc7 13. Rad1 Nh5 14. Bh2 h6 15. Rfe1
e5 16. dxe6 Rxe6 17. Nd5 Bxd5 18. Rxd5 Nhf6 19. Rd2 Ne4 20. Rdd1 Ndf6 21. Nd2
Qe7 22. Bf3 Rd8 23. Nxe4 Nxe4 24. Bxe4 Rxe4 25. Bxd6 Rxd6 26. Rxd6 Qxd6 27.
Qxe4 Qd2 28. Rf1 a5 29. b3 Bc3 30. Qe8+ Kg7 31. Qb8 Qc2 32. Qxb6 Bb4 33. Qb5
Qxb3 34. e4 Qd3 35. e5 Qe2 36. Qe8 Qxc4 37. Rd1 Qc2 38. Qd8 Qf5 39. Qe7 Qc2 40.
Qf6+ Kh7 41. Qxf7+ Kh8 42. Rd8# 1-0

[Event "ODJM A 2019"]
[Site "Willingen GER"]
[Date "2019.06.14"]
[Round "8"]
[White "Terhuven, Patrick"]
[Black "Holtel, Jasper"]
[Result "1/2-1/2"]
[Termination "normal"]
[Board "1"]
[BlackTitle "FM"]
[WhiteElo "2192"]
[BlackElo "2272"]
[WhiteClock "00:52:03"]
[BlackClock "00:44:04"]
[PlyCount "40"]
[WhiteFideId "12919098"]
[BlackFideId "12956376"]
[EventCountry "GER"]
[EventRounds "9"]
[EventType "swiss"]
[EventDate "2019.06.08"]

1. d4 {[%clk 1:30:58]} 1... Nf6 {[%clk 1:26:22]} 2. Nf3 {[%clk 1:31:24]} 2...
g6 {[%clk 1:26:42]} 3. c4 {[%clk 1:31:35]} 3... Bg7 {[%clk 1:27:03]} 4. g3 {
[%clk 1:31:57]} 4... c6 {[%clk 1:27:27]} 5. Bg2 {[%clk 1:32:17]} 5... d5 {
[%clk 1:27:50]} 6. cxd5 {[%clk 1:32:34]} 6... cxd5 {[%clk 1:28:15]} 7. O-O {
[%clk 1:32:56]} 7... O-O {[%clk 1:28:39]} 8. Nc3 {[%clk 1:33:12]} 8... Ne4 {
[%clk 1:29:02]} 9. Ne5 {[%clk 1:33:17]} 9... Nxc3 {[%clk 1:29:24]} 10. bxc3 {
[%clk 1:33:44]} 10... Nc6 {[%clk 1:29:44]} 11. Nxc6 {[%clk 1:33:51]} 11... bxc6
{[%clk 1:30:05]} 12. Qa4 {[%clk 1:33:59]} 12... Qb6 {[%clk 1:30:26]} 13. Ba3
13... Qa6 {[%clk 1:30:01]} 14. Qxa6 {[%clk 1:29:59]} 14... Bxa6 {[%clk 1:30:05]
} 15. Rfb1 {[%clk 1:24:06]} 15... Bxe2 {[%clk 1:29:13]} 16. Bxe7 { [%clk
1:20:51]} 16... Rfe8 {[%clk 1:16:55]} 17. Rb7 {[%clk 1:11:15]} 17... Bf8 {[%clk
0:47:22]} 18. Bxf8 {[%clk 1:03:02]} 18... Kxf8 {[%clk 0:47:14]} 19. Bf1 {[%clk
0:56:25]} 19... Bf3 {[%clk 0:43:48]} 20. Bg2 {[%clk 0:52:03]} 20... Be2 {[%clk
0:44:04]} 1/2-1/2

[Event "ODJM A 2019"]
[Site "Willingen GER"]
[Date "2019.06.14"]
[Round "8"]
[White "Stelmaszyk, Nico"]
[Black "Oberhofer, Cedric"]
[Result "1/2-1/2"]
[Termination "normal"]
[Board "2"]
[WhiteElo "2174"]
[BlackElo "2243"]
[WhiteClock "00:09:17"]
[BlackClock "00:07:14"]
[PlyCount "82"]
[WhiteFideId "16200462"]
[BlackFideId "12941220"]
[EventCountry "GER"]
[EventRounds "9"]
[EventType "swiss"]
[EventDate "2019.06.08"]

1. e4 {[%clk 1:30:58]} 1... c5 {[%clk 1:30:50]} 2. Nc3 {[%clk 1:31:22]} 2...
Nc6 {[%clk 1:31:15]} 3. Bb5 {[%clk 1:31:47]} 3... Nd4 {[%clk 1:26:28]} 4. Nf3 {
[%clk 1:32:09]} 4... g6 {[%clk 1:25:53]} 5. Nxd4 {[%clk 1:25:46]} 5... cxd4 {
[%clk 1:26:17]} 6. Ne2 {[%clk 1:26:10]} 6... Bg7 {[%clk 1:25:40]} 7. c3 { [%clk
1:24:52]} 7... dxc3 {[%clk 1:18:11]} 8. Nxc3 {[%clk 1:22:23]} 8... e6 { [%clk
1:09:38]} 9. O-O {[%clk 1:20:49]} 9... Ne7 {[%clk 1:09:23]} 10. d4 { [%clk
1:20:31]} 10... O-O {[%clk 1:04:29]} 11. Bg5 {[%clk 1:19:07]} 11... a6 { [%clk
0:55:05]} 12. Be2 {[%clk 1:17:32]} 12... d6 {[%clk 0:50:12]} 13. Qd2 { [%clk
1:13:14]} 13... b5 {[%clk 0:48:53]} 14. b4 {[%clk 1:10:42]} 14... Qd7 { [%clk
0:42:26]} 15. a4 {[%clk 1:03:19]} 15... Nc6 {[%clk 0:39:43]} 16. Be3 { [%clk
1:03:08]} 16... Nxb4 {[%clk 0:36:47]} 17. axb5 {[%clk 0:55:26]} 17... a5 {[%clk
0:36:31]} 18. Na2 {[%clk 0:54:04]} 18... Bb7 {[%clk 0:30:27]} 19. f3 { [%clk
0:52:09]} 19... d5 {[%clk 0:28:35]} 20. e5 {[%clk 0:51:05]} 20... Qe7 { [%clk
0:28:53]} 21. Bg5 {[%clk 0:51:17]} 21... f6 {[%clk 0:28:42]} 22. exf6 { [%clk
0:51:34]} 22... Bxf6 {[%clk 0:29:08]} 23. Bxf6 {[%clk 0:51:58]} 23... Qxf6
{[%clk 0:24:30]} 24. Nxb4 {[%clk 0:52:00]} 24... axb4 {[%clk 0:24:56]} 25. Qxb4
{[%clk 0:51:51]} 25... e5 {[%clk 0:25:23]} 26. dxe5 {[%clk 0:43:23]} 26... Qxe5
{[%clk 0:25:47]} 27. Rae1 {[%clk 0:43:42]} 27... Qe3+ {[%clk 0:20:15]} 28. Kh1
{[%clk 0:43:58]} 28... Rae8 {[%clk 0:19:38]} 29. Bd1 {[%clk 0:40:25]} 29... Qb6
{[%clk 0:19:48]} 30. Bb3 {[%clk 0:39:46]} 30... Re3 {[%clk 0:16:53]} 31. Rxe3
{[%clk 0:32:08]} 31... Qxe3 {[%clk 0:17:19]} 32. Re1 {[%clk 0:32:23]} 32... Rf4
{[%clk 0:13:12]} 33. Qe7 {[%clk 0:27:22]} 33... Qxb3 {[%clk 0:13:02]} 34. Qxb7
{[%clk 0:27:46]} 34... Rxf3 {[%clk 0:13:21]} 35. Re8+ {[%clk 0:16:42]} 35...
Rf8 {[%clk 0:13:41]} 36. Rxf8+ {[%clk 0:17:09]} 36... Kxf8 { [%clk 0:14:06]}
37. h3 {[%clk 0:17:31]} 37... Qc4 {[%clk 0:08:32]} 38. Qb8+ { [%clk 0:17:21]}
38... Ke7 {[%clk 0:08:40]} 39. b6 {[%clk 0:17:06]} 39... Kd7 { [%clk 0:07:46]}
40. Qa7+ {[%clk 0:12:32]} 40... Kd8 {[%clk 0:07:40]} 41. b7 { [%clk 0:09:17]}
41... Qc1+ {[%clk 0:07:14]} 1/2-1/2

[Event "ODJM A 2019"]
[Site "Willingen GER"]
[Date "2019.06.14"]
[Round "8"]
[White "Hesse, Henrik"]
[Black "Weber, Samuel"]
[Result "0-1"]
[Termination "normal"]
[Board "3"]
[WhiteElo "2166"]
[BlackElo "2160"]
[WhiteClock "00:00:55"]
[BlackClock "00:26:46"]
[PlyCount "84"]
[WhiteFideId "12952060"]
[BlackFideId "12924008"]
[EventCountry "GER"]
[EventRounds "9"]
[EventType "swiss"]
[EventDate "2019.06.08"]

1. c4 {[%clk 1:30:56]} 1... Nf6 {[%clk 1:29:37]} 2. g3 {[%clk 1:31:00]} 2... g6
{[%clk 1:30:02]} 3. Bg2 {[%clk 1:29:44]} 3... Bg7 {[%clk 1:28:56]} 4. Nc3 {
[%clk 1:29:14]} 4... O-O {[%clk 1:29:14]} 5. e3 {[%clk 1:28:43]} 5... d6 {
[%clk 1:29:38]} 6. Nge2 {[%clk 1:28:44]} 6... e5 {[%clk 1:29:26]} 7. O-O {
[%clk 1:28:46]} 7... c6 {[%clk 1:29:02]} 8. d4 {[%clk 1:17:54]} 8... Re8 {
[%clk 1:24:36]} 9. e4 {[%clk 1:15:58]} 9... exd4 {[%clk 1:21:57]} 10. Nxd4 {
[%clk 1:12:59]} 10... Nbd7 {[%clk 1:17:24]} 11. Nb3 {[%clk 0:58:12]} 11... Ne5
{[%clk 1:14:31]} 12. c5 {[%clk 0:58:19]} 12... dxc5 {[%clk 1:13:09]} 13. Nxc5 {
[%clk 0:58:27]} 13... b6 {[%clk 1:12:19]} 14. f4 {[%clk 0:52:41]} 14... Qxd1 {
[%clk 1:05:59]} 15. Rxd1 {[%clk 0:48:32]} 15... bxc5 {[%clk 1:06:15]} 16. fxe5
{[%clk 0:48:46]} 16... Ng4 {[%clk 1:06:38]} 17. h3 {[%clk 0:31:52]} 17... Nxe5
{[%clk 1:06:56]} 18. Na4 {[%clk 0:31:49]} 18... c4 {[%clk 1:02:14]} 19. Nc5 {
[%clk 0:32:05]} 19... Rb8 {[%clk 1:01:49]} 20. Bf1 {[%clk 0:21:02]} 20... Nd3 {
[%clk 0:50:44]} 21. Nxd3 {[%clk 0:11:58]} 21... cxd3 {[%clk 0:50:16]} 22. Rxd3
{[%clk 0:10:22]} 22... Bxb2 {[%clk 0:50:15]} 23. Bxb2 {[%clk 0:02:39]} 23...
Rxb2 {[%clk 0:48:20]} 24. Rc3 {[%clk 0:01:46]} 24... Rxe4 {[%clk 0:47:20]} 25.
Rxc6 {[%clk 0:02:06]} 25... Be6 {[%clk 0:47:29]} 26. Rc3 {[%clk 0:01:35]} 26...
a5 {[%clk 0:43:22]} 27. a4 {[%clk 0:00:35]} 27... Rbb4 {[%clk 0:33:34]} 28.
Rca3 {[%clk 0:00:44]} 28... Kf8 29. Kf2 29... Red4 {[%clk 0:29:31]} 30. h4 {
[%clk 0:00:44]} 30... Bd7 {[%clk 0:25:23]} 31. Bb5 {[%clk 0:01:05]} 31... Bxb5
{[%clk 0:25:30]} 32. axb5 {[%clk 0:01:30]} 32... Rxb5 {[%clk 0:25:48]} 33. Rxa5
{[%clk 0:01:43]} 33... Rb3 {[%clk 0:26:17]} 34. R5a2 {[%clk 0:00:45]} 34...
Rdd3 {[%clk 0:26:35]} 35. Ra8+ {[%clk 0:00:34]} 35... Kg7 {[%clk 0:26:57]} 36.
g4 {[%clk 0:00:40]} 36... Rb2+ {[%clk 0:26:04]} 37. Kg1 {[%clk 0:00:35]} 37...
Rg3+ {[%clk 0:26:26]} 38. Kf1 {[%clk 0:00:40]} 38... Rxg4 {[%clk 0:26:48]} 39.
R8a4 {[%clk 0:00:34]} 39... Rb1+ {[%clk 0:26:38]} 40. Kf2 {[%clk 0:00:50]}
40... Rxh4 {[%clk 0:26:52]} 41. Kg3 {[%clk 0:00:35]} 41... Rxa1 {[%clk 0:26:22]
} 42. Rxa1 {[%clk 0:00:55]} 42... Rb4 {[%clk 0:26:46]} 0-1

[Event "ODJM A 2019"]
[Site "Willingen GER"]
[Date "2019.06.14"]
[Round "8"]
[White "von Estorff, Jacob"]
[Black "Ortmeier, Leonhard"]
[Result "0-1"]
[Termination "normal"]
[Board "4"]
[WhiteElo "2041"]
[BlackElo "2140"]
[WhiteClock "00:03:23"]
[BlackClock "00:33:45"]
[PlyCount "134"]
[WhiteFideId "12974501"]
[BlackFideId "12993662"]
[EventCountry "GER"]
[EventRounds "9"]
[EventType "swiss"]
[EventDate "2019.06.08"]

1. e4 {[%clk 1:30:21]} 1... c5 {[%clk 1:30:25]} 2. Nf3 {[%clk 1:29:33]} 2... d6
{[%clk 1:30:06]} 3. d4 {[%clk 1:29:10]} 3... cxd4 {[%clk 1:30:14]} 4. Nxd4 {
[%clk 1:29:35]} 4... Nf6 {[%clk 1:30:04]} 5. Nc3 {[%clk 1:28:51]} 5... a6 {
[%clk 1:30:10]} 6. h3 {[%clk 1:23:08]} 6... e5 {[%clk 1:30:11]} 7. Nb3 { [%clk
1:23:18]} 7... Be6 {[%clk 1:30:05]} 8. Be3 {[%clk 1:20:47]} 8... Be7 { [%clk
1:29:28]} 9. Be2 {[%clk 1:19:08]} 9... O-O {[%clk 1:28:36]} 10. O-O { [%clk
1:19:25]} 10... Nbd7 {[%clk 1:27:42]} 11. Qd2 {[%clk 1:14:06]} 11... Qc7 {[%clk
1:27:26]} 12. f4 {[%clk 1:11:13]} 12... Nb6 {[%clk 1:25:41]} 13. Rad1 { [%clk
1:05:54]} 13... Rac8 {[%clk 1:22:50]} 14. Kh2 {[%clk 1:03:40]} 14... Nc4 {[%clk
1:20:39]} 15. Bxc4 {[%clk 1:04:05]} 15... Bxc4 {[%clk 1:21:01]} 16. Rfe1 {[%clk
1:00:54]} 16... b5 {[%clk 1:21:12]} 17. Nd5 {[%clk 0:50:13]} 17... Bxd5 {[%clk
1:00:28]} 18. exd5 {[%clk 0:48:26]} 18... Ne4 {[%clk 0:58:07]} 19. Qb4 { [%clk
0:33:35]} 19... Qxc2 {[%clk 0:57:26]} 20. Rc1 {[%clk 0:21:24]} 20... Qd3 {[%clk
0:56:24]} 21. Rcd1 {[%clk 0:17:38]} 21... Qc4 {[%clk 0:53:25]} 22. Qxc4 {[%clk
0:17:53]} 22... Rxc4 {[%clk 0:49:11]} 23. Re2 {[%clk 0:17:16]} 23... exf4
{[%clk 0:36:30]} 24. Bxf4 {[%clk 0:17:18]} 24... g5 {[%clk 0:31:35]} 25. Na5
{[%clk 0:09:55]} 25... Ra4 {[%clk 0:30:43]} 26. Nc6 {[%clk 0:10:23]} 26... Bf6
{[%clk 0:30:11]} 27. Bc1 {[%clk 0:06:25]} 27... Nc5 {[%clk 0:28:03]} 28. b3
{[%clk 0:06:18]} 28... Re4 {[%clk 0:27:10]} 29. Rxe4 {[%clk 0:04:29]} 29...
Nxe4 {[%clk 0:27:35]} 30. Re1 {[%clk 0:03:41]} 30... Nc3 {[%clk 0:26:45]} 31.
Ba3 {[%clk 0:04:09]} 31... Nxd5 {[%clk 0:25:22]} 32. Bxd6 {[%clk 0:04:36]}
32... Rc8 {[%clk 0:25:15]} 33. Ne7+ {[%clk 0:03:35]} 33... Nxe7 {[%clk 0:20:17]
} 34. Bxe7 {[%clk 0:04:04]} 34... Re8 {[%clk 0:18:53]} 35. Bb4 {[%clk 0:04:26]}
35... Rxe1 {[%clk 0:19:12]} 36. Bxe1 {[%clk 0:04:51]} 36... Be5+ { [%clk
0:19:36]} 37. Kg1 {[%clk 0:04:50]} 37... f5 {[%clk 0:17:49]} 38. Kf2 { [%clk
0:04:56]} 38... Kf7 {[%clk 0:18:10]} 39. g4 {[%clk 0:03:02]} 39... Kg6 { [%clk
0:16:31]} 40. Kf3 {[%clk 0:03:17]} 40... h5 {[%clk 0:16:48]} 41. a4 { [%clk
0:22:23]} 41... fxg4+ {[%clk 0:45:32]} 42. hxg4 {[%clk 0:22:24]} 42... h4
{[%clk 0:45:57]} 43. Kg2 {[%clk 0:22:47]} 43... Bf4 {[%clk 0:46:01]} 44. Bc3 {
[%clk 0:22:26]} 44... Kf7 {[%clk 0:46:16]} 45. axb5 {[%clk 0:22:27]} 45... axb5
{[%clk 0:46:45]} 46. Bb4 {[%clk 0:21:40]} 46... Ke6 {[%clk 0:47:05]} 47. Bc3 {
[%clk 0:22:00]} 47... Kd5 {[%clk 0:47:30]} 48. Bf6 {[%clk 0:21:59]} 48... Ke4 {
[%clk 0:47:41]} 49. Be7 {[%clk 0:21:22]} 49... Bd2 {[%clk 0:46:44]} 50. b4 {
[%clk 0:20:15]} 50... Kd4 {[%clk 0:45:42]} 51. Kh2 {[%clk 0:20:13]} 51... Kc4 {
[%clk 0:45:02]} 52. Kh3 {[%clk 0:20:38]} 52... Bf4 {[%clk 0:39:38]} 53. Bf8 {
[%clk 0:19:15]} 53... Kd5 {[%clk 0:39:25]} 54. Be7 {[%clk 0:15:41]} 54... Ke6 {
[%clk 0:39:25]} 55. Bd8 {[%clk 0:15:37]} 55... Kf7 {[%clk 0:39:23]} 56. Kg2 {
[%clk 0:15:14]} 56... Kg6 {[%clk 0:39:49]} 57. Be7 {[%clk 0:15:30]} 57... Be5 {
[%clk 0:40:07]} 58. Kh3 {[%clk 0:15:05]} 58... Bf6 {[%clk 0:39:55]} 59. Bc5 {
[%clk 0:14:27]} 59... Kf7 {[%clk 0:40:07]} 60. Kg2 {[%clk 0:13:25]} 60... Be7 {
[%clk 0:39:43]} 61. Be3 {[%clk 0:13:42]} 61... Ke6 {[%clk 0:40:05]} 62. Bd2 {
[%clk 0:12:30]} 62... Kd5 {[%clk 0:40:21]} 63. Kf2 {[%clk 0:02:53]} 63... Ke4 {
[%clk 0:32:34]} 64. Kg2 {[%clk 0:02:33]} 64... Kd3 {[%clk 0:32:49]} 65. Be1 {
[%clk 0:02:54]} 65... Bf6 {[%clk 0:32:58]} 66. Bf2 {[%clk 0:03:04]} 66... Bd4 {
[%clk 0:33:20]} 67. Be1 {[%clk 0:03:23]} 67... Bc3 {[%clk 0:33:45]} 0-1

[Event "ODJM A 2019"]
[Site "Willingen GER"]
[Date "2019.06.14"]
[Round "8"]
[White "Parvanyan, Alfred"]
[Black "Garbuz, Vitaly"]
[Result "1/2-1/2"]
[Termination "normal"]
[Board "5"]
[WhiteElo "2066"]
[BlackElo "2051"]
[WhiteClock "00:28:49"]
[BlackClock "00:45:25"]
[PlyCount "43"]
[WhiteFideId "13305832"]
[BlackFideId "12990710"]
[EventCountry "GER"]
[EventRounds "9"]
[EventType "swiss"]
[EventDate "2019.06.08"]

1. g3 {[%clk 1:30:52]} 1... d5 {[%clk 1:30:49]} 2. Nf3 {[%clk 1:30:58]} 2...
Nf6 {[%clk 1:30:53]} 3. Bg2 {[%clk 1:31:22]} 3... e6 {[%clk 1:30:39]} 4. O-O {
[%clk 1:31:34]} 4... Be7 {[%clk 1:29:54]} 5. c4 {[%clk 1:31:36]} 5... c5 {
[%clk 1:28:49]} 6. cxd5 {[%clk 1:31:03]} 6... Nxd5 {[%clk 1:25:17]} 7. Nc3 {
[%clk 1:23:05]} 7... Nc6 {[%clk 1:23:29]} 8. d4 {[%clk 1:13:59]} 8... Nxc3 {
[%clk 1:18:06]} 9. bxc3 {[%clk 1:13:56]} 9... O-O {[%clk 1:15:52]} 10. e4 {
[%clk 1:09:15]} 10... b6 {[%clk 1:12:11]} 11. d5 {[%clk 1:05:00]} 11... Na5 {
[%clk 1:10:45]} 12. Bf4 {[%clk 0:48:38]} 12... exd5 {[%clk 1:11:07]} 13. exd5 {
[%clk 0:48:42]} 13... Bd6 {[%clk 1:10:24]} 14. Bxd6 {[%clk 0:46:40]} 14... Qxd6
{[%clk 1:10:48]} 15. Ng5 {[%clk 0:46:01]} 15... Bf5 {[%clk 1:11:05]} 16. Re1 {
[%clk 0:36:07]} 16... Qf6 {[%clk 1:05:43]} 17. Qd2 {[%clk 0:33:32]} 17... Nc4 {
[%clk 0:58:59]} 18. Qf4 {[%clk 0:33:55]} 18... Bd3 {[%clk 0:47:38]} 19. Qxf6 {
[%clk 0:32:36]} 19... gxf6 {[%clk 0:47:06]} 20. Nh3 {[%clk 0:32:59]} 20... Nd6
{[%clk 0:46:15]} 21. Nf4 {[%clk 0:32:25]} 21... Bg6 {[%clk 0:45:25]} 22. h4 {
[%clk 0:28:49]} 1/2-1/2

[Event "ODJM A 2019"]
[Site "Willingen GER"]
[Date "2019.06.14"]
[Round "8"]
[White "Kardoeus, David"]
[Black "Doll, Alexander"]
[Result "1-0"]
[Termination "normal"]
[Board "6"]
[WhiteElo "2202"]
[BlackElo "1991"]
[WhiteClock "00:10:53"]
[BlackClock "00:00:37"]
[PlyCount "73"]
[WhiteFideId "12912050"]
[BlackFideId "16228294"]
[EventCountry "GER"]
[EventRounds "9"]
[EventType "swiss"]
[EventDate "2019.06.08"]

1. b3 {[%clk 1:29:03]} 1... d5 {[%clk 1:29:25]} 2. Bb2 {[%clk 1:28:26]} 2... b6
{[%clk 1:29:19]} 3. f4 {[%clk 1:25:49]} 3... Bb7 {[%clk 1:28:59]} 4. Nf3 {
[%clk 1:26:04]} 4... Nf6 {[%clk 1:28:42]} 5. e3 {[%clk 1:26:19]} 5... c5 {
[%clk 1:28:01]} 6. Bb5+ {[%clk 1:23:54]} 6... Nc6 {[%clk 1:25:41]} 7. O-O {
[%clk 1:19:41]} 7... e6 {[%clk 1:23:17]} 8. d3 {[%clk 1:17:38]} 8... Bd6 {
[%clk 1:22:51]} 9. Ne5 {[%clk 1:13:04]} 9... Qc7 {[%clk 1:18:09]} 10. Nd2 {
[%clk 1:12:56]} 10... O-O-O {[%clk 1:09:44]} 11. Bxc6 {[%clk 1:06:28]} 11...
Bxc6 {[%clk 1:09:43]} 12. b4 {[%clk 1:06:11]} 12... cxb4 {[%clk 1:05:54]} 13.
Rc1 {[%clk 1:01:43]} 13... Ba4 {[%clk 1:02:49]} 14. Qe2 {[%clk 1:02:00]} 14...
Kb8 {[%clk 1:01:49]} 15. c4 {[%clk 0:55:05]} 15... bxc3 {[%clk 1:01:29]} 16.
Rxc3 {[%clk 0:55:30]} 16... Qe7 {[%clk 1:00:57]} 17. Ndf3 {[%clk 0:47:23]}
17... Kb7 {[%clk 0:53:45]} 18. Rfc1 {[%clk 0:36:36]} 18... h6 {[%clk 0:49:13]}
19. Nd4 {[%clk 0:33:23]} 19... Bc5 {[%clk 0:41:45]} 20. Ndc6 {[%clk 0:22:40]}
20... Bxc6 {[%clk 0:39:01]} 21. Nxc6 {[%clk 0:23:02]} 21... Kxc6 { [%clk
0:37:07]} 22. d4 {[%clk 0:22:49]} 22... Ne4 {[%clk 0:34:37]} 23. R3c2 { [%clk
0:21:56]} 23... Qb7 {[%clk 0:29:16]} 24. dxc5 {[%clk 0:21:00]} 24... b5 { [%clk
0:25:28]} 25. Bxg7 {[%clk 0:18:42]} 25... Rhg8 {[%clk 0:25:00]} 26. Be5 { [%clk
0:18:53]} 26... f6 {[%clk 0:22:28]} 27. Bd6 {[%clk 0:19:17]} 27... Rc8 { [%clk
0:17:55]} 28. f5 {[%clk 0:17:44]} 28... e5 {[%clk 0:15:23]} 29. Rd1 { [%clk
0:13:12]} 29... Nxd6 {[%clk 0:12:17]} 30. Rxd5 {[%clk 0:11:38]} 30... Ne4
{[%clk 0:04:04]} 31. Qd3 {[%clk 0:10:40]} 31... Qf7 {[%clk 0:03:17]} 32. Rd6+ {
[%clk 0:09:29]} 32... Nxd6 {[%clk 0:02:19]} 33. Qxd6+ {[%clk 0:09:44]} 33...
Kb7 {[%clk 0:02:43]} 34. c6+ {[%clk 0:10:08]} 34... Rxc6 {[%clk 0:01:30]} 35.
Qxc6+ {[%clk 0:10:27]} 35... Kb8 {[%clk 0:01:56]} 36. Rb2 {[%clk 0:10:33]}
36... a6 {[%clk 0:00:37]} 37. Qxa6 {[%clk 0:10:53]} 1-0